000 00490nam a2200157Ia 4500
008 240729s9999 xx 000 0 und d
022 _a2746-4806
245 0 _aJournal of Cultura and Lingua
260 _aIndonesia
260 _bProgram Studi Sastra Inggris, Fakultas Ilmu Budaya, Universitas Bung Hatta
650 _a Philology. Linguistics
650 _aLanguage and Literature
856 _uhttps://doaj.org/toc/a2f1aa29989a4641963e710cc094d5a6
942 _2ddc
942 _cDOAJEJ
999 _c65679
_d65679
945 _a1
_bMadushi Gamage
_c1
_dMadushi Gamage